000 00572nam a22001937a 4500
999 _c10635
_d10635
003 AR-CdUCM
008 190401b ||||| |||| 00| 0 spa d
040 _aMUNICIPALIDAD PROVINCIAL DEL CUSCO
_cBIBLIOTECA MUNICIPAL DEL CUSCO
082 _aES / 800 /
_bT98
100 _aTwain. Mark
_9733
245 _aLas aventuras de Tom Sawyer /
260 _aLima :
_bFondo editorial navarrete,
300 _a128 paginas ;
_c15 cm.
505 _aContenido :Tom Sawyer.
650 _aLiteratura peruana
_9169
650 _aBiografĂ­as
_9148
942 _2ddc
_cLIBROS
945 _arum